| 000 | 00464nam a2200157Ia 4500 | ||
|---|---|---|---|
| 008 | 160316s1988 xxu||||| |||| 00| 0 eng d | ||
| 082 |
_a337.117125 _bCHO |
||
| 100 | _aChopra V D | ||
| 245 | _aAsia - Pacific economic potential and prospects | ||
| 250 | _a | ||
| 260 |
_aNew Delhi _bContinental Publishing House _c1988 |
||
| 300 |
_a158p. _b20 cm _cxix |
||
| 365 | _bRs.145/- | ||
| 650 | _a1.Economic Co-operation - Asia and Pacific | ||
| 700 |
_aRasgotra M _aMisra K P |
||
| 999 |
_c5759 _d5759 |
||